000 01662cab a2200265 4500
001 ABS59732
008 090401t1998 xxu||||| |||| 00| 0 eng d
035 _a(Sirsi) u89904
041 _aeng
245 _aKinch and another v Bullard and others
260 _c1998
350 _a0
490 _aEstates Gazette
_v[1998]47 EG 140-143(4)
520 _aChD 27 July 1998. In 1987 Mr and Mrs J acquired a freehold property as beneficial joint tenants and occupied it as their matrimonial home. In June 1995 Mrs J`s solicitors served a divorce petition on Mr J, and on 4 August 1995 a notice of severance was sent by ordinary post addressed to Mr J at the property. The notice was delivered on 7 August but it was removed and destroyed before Mr J had notice of it. Mr J died on 15 August and Mrs J died in January 1996. The plaintiff executors of Mr J issued proceedings against the executors of Mrs J seeking a declaration that they were entitled to one half beneficial share of the property, and they also sought the determination of the court as to whether the posting and subsequent delivery at the property of the notice was effective to sever the beneficial joint tenancy. "Held" the notice was validly served and the plaintiffs were entitled to the declaration they sought.
650 _aBENEFICIAL JOINT TENANTS
650 _aHOLWELL SECURITIES LTD V HUGHES
650 _aLAW OF PROPERTY ACT 1925 S196
650 _aNOTICE OF SEVERANCE
650 _aSERVING NOTICES
650 _aVAN HAARLAM V KASNER CHARITABLE TRUST
650 _aWITHDRAWAL OF NOTICE
690 _aPROPERTY LAW AND PRACTICE-CASE LAW
942 _n0
948 _c24/11/1998
999 _c56921
_d56921